Quizzes
Events
Quiz Creation
Community
Videos
Private Events
Remove Ads
Sign In
Join for FREE
Feedback
Dark Mode
Quiz Categories
Sports
Geography
Music
Movies
Television
Just For Fun
Miscellaneous
History
Literature
Language
Science
Gaming
Entertainment
Religion
Holiday
For Kids
Quiz Lab
Recent
Popular Today
Quiz Kudos Today
Editor Picks
Curator Picks
Quizzes by...
Day
Popularity
Type
Ratings
Length
Year
Community
Subscriptions
Recent Discussions
Orange Saloon
Badges
Playlists
Quests
Create
Leaderboards
Showdown
Live 5
Trivia Bingo
Activity
Puzzle Library
Sporcle Events
Private Events
Virtual Trivia
Globe League
Become a Host
Pub Owners
SporcleCon
Opinionation
Our Games
Videos
Blog
Mobile Apps
Partnerships
Remove Ads and Go Orange
Feedback
Music
Pop Music
The Beatles
Song
Album
Lyrics
Bands
Singers
Artist
Clip
Rock
Rap
Classical
Billboard
Country Music
Kpop
Taylor Swift
Music
Pop Music
The Beatles
Song
Album
Lyrics
Bands
Singers
Artist
Clip
Rock
Rap
Classical
Billboard
Country Music
Kpop
Taylor Swift
Random Quiz
Search Sporcle
×
Quiz Lab
Quiz Lab
Music
Musical
Type in answers that appear in a list
Type in answers that appear in a list
Classic
Best Score? Go Orange.
Start a Band! III (clips) Stats
Can you name the musical groups based on these clips?
By
sbme
20m
60 Questions
941 Plays
941 Plays
941 Plays
Comments
Comments
Give Quiz Kudos
Give Quiz Kudos
-
- Ratings
hide this ad
More Info
Replay
Link that replays current quiz
Next Quiz
Link to next quiz in quiz playlist
You Got
0%
They Got
Avg Score
52%
Avg Friend Score
Upgrade to see
Score Distribution
Jump to the score distribution portion of the page
Score
0/60
Timer
20:00
0
Plays Today
Time
Artist [Year Formed]
% Correct
1:56-
2:06
The Jackson 5 [1964]
93.8%
4:06-
4:16
The Police [1977]
91.9%
3:56-
4:06
U2 [1976]
87.4%
7:03-
7:12
'N Sync [1995]
86.6%
6:34-
6:44
OutKast [1992]
86.1%
0:58-
1:07
Alvin and the Chipmunks [1958]
86%
0:49-
0:58
Simon & Garfunkel [1957]
84.7%
4:45-
4:56
Wham! [1981]
83.6%
2:36-
2:47
Black Sabbath [1968]
81.6%
6:14-
6:24
The Verve [1990]
80.1%
5:35-
5:46
No Doubt [1986]
79.8%
8:22-
8:31
Pussycat Dolls [2003]
78.6%
3:06-
3:16
Wings [1971]
78.3%
5:26-
5:35
Radiohead [1985]
77%
7:21-
7:32
Plain White T's [1997]
76.8%
1:07-
1:17
The Supremes [1959]
74.5%
7:12-
7:21
3 Doors Down [1996]
74.4%
4:16-
4:26
Dexy's Midnight Runners [1978]
73.4%
6:53-
7:03
Creed [1994]
71.7%
5:55-
6:05
Boyz II Men [1988]
70%
4:26-
4:35
Huey Lewis and the News [1979]
69.3%
6:44-
6:53
Jimmy Eat World [1993]
69.1%
2:27-
2:36
Fleetwood Mac [1967]
67.1%
3:16-
3:25
Styx [1972]
66%
3:25-
3:36
Heart [1973]
62.8%
2:47-
2:56
The Allman Brothers Band [1969]
62.7%
8:31-
8:41
The Ting Tings [2004]
62.1%
9:01-
9:10
Florence + The Machine [2007]
62.1%
1:17-
1:27
The Four Seasons [1960]
60.3%
2:56-
3:06
Electric Light Orchestra [1970]
53%
Time
Artist [Year Formed]
% Correct
1:37-
1:47
The Righteous Brothers [1962]
52.8%
7:42-
7:53
Lifehouse [1999]
51.2%
4:35-
4:45
Loverboy [1980]
49.5%
1:27-
1:37
Golden Earring [1961]
46.7%
6:24-
6:34
Incubus [1991]
46.4%
3:46-
3:56
The Boomtown Rats [1975]
44.5%
4:56-
5:05
Night Ranger [1982]
42.9%
5:05-
5:15
The Mighty Mighty Bosstones [1983]
41.3%
7:32-
7:42
Big & Rich [1998]
40.9%
5:46-
5:55
Gin Blossoms [1987]
40.2%
8:51-
9:01
Cage the Elephant [2006]
38.4%
3:36-
3:46
Talking Heads [1974]
37.9%
2:17-
2:27
Bay City Rollers [1966]
35.7%
8:03-
8:12
Shinedown [2001]
35.5%
7:53-
8:03
Flobots [2000]
34.6%
6:05-
6:14
Finger Eleven [1989]
33.6%
1:47-
1:56
The Yardbirds [1963]
31%
8:41-
8:51
Boys Like Girls [2005]
26.9%
2:06-
2:17
The Association [1965]
25%
9:19-
9:30
Diddy - Dirty Money [2009]
24.8%
0:10-
0:19
The Platters [1953]
24.5%
8:12-
8:22
Girls Aloud [2002]
20.7%
0:28-
0:39
The Statler Brothers [1955]
17.5%
0:00-
0:10
Foggy Mountain Boys [1952]
13.8%
0:19-
0:28
Harold Melvin and the Blue Notes [1954]
13.5%
5:15-
5:26
Diamond Rio [1984]
12.6%
9:10-
9:19
The Naked and Famous [2008]
12.5%
9:41-
9:51
Pistol Annies [2011]
11.2%
0:39-
0:49
Royal Teens [1956]
8.3%
9:30-
9:41
Karmin [2010]
7.4%
Quiz Playlist
Details
Report
Send in Message
Add To Playlist
More Info:
Name the musical groups whose songs are being sampled. There is one musical group that was formed each year from 1952 to 2011. Source: Wikipedia
Classic:
Type in answers that appear in a list
Quiz Source
Last Updated: Feb 16, 2017
Quiz Scoreboard
CHALLENGE
Sign Up to Join the Scoreboard
Show All
Scores
Hide
Comments
May contain spoilers
Recently Published
Presidents Visiting Landmarks
by Hejman
History
7m
An Introduction to Baseball
by treessimontrees
Sports
5m
Movies - When Are They Set?
by FPL_Elf
Movies
5m
More to Explore
Quiz From the Vault
Featured Blog Post
Where Did the Easter Bunny Come From?
hide this ad
You Might Also Like...
Tags
Bands Quiz
Clip Quiz
Musical Quiz
Year Quiz
Audio Quiz
form
formation
Formed
Music Clip
Musician
start
Started
Today's Top Quizzes in Music
Browse Music
hide this ad
Today's Top Quizzes in Musical
Browse Musical
Top Contributed Quizzes in Music
1
Taylor Swift All Songs (2024)
2
Guess the Artist- 70s Songs
3
Taylor Swift Logic Puzzle
4
KPOP LOGIC QUIZ
5
One Thing in Common: Music
6
2010s Album by Cover III
7
7-to-1: Billboard Hot 100 #1 Hits of 2010s
8
Guess the Taylor Swift song (Mystery Song)
9
Sorting Albums and Songs
10
2000s Album Cover Bunker
Explore More
Trending Topics
Kpop
NBA
Anime
Marvel
Crossword
Disney
Harry Potter
Pokémon
Soccer
WWE
Puzzle
Country
The Office
Song
NFL
hide this ad
More By:
sbme
Quiz
Plays
Rating
Category
Featured
Created
Heart Stopping Challenge
682,040
3.24
Science
Mar 29, 2012
The Digestion Progression Challenge
252,934
3.63
Science
May 25, 2012
Top 10 Hits of 2010
154,690
3.80
Music
Dec 16, 2010
Big Mac Meltdown
143,072
3.66
Miscellaneous
Mar 29, 2012
Top 10 Hits of 2009
124,074
3.70
Music
Oct 2, 2009
Go to Creator's Profile
Score Distribution
Quiz Creator Spotlight
sbme
Follow
Send a Message
Quizzes Created
-
Created Quiz Play Count
-
More By This Creator
Popular Quizzes Today
1
Find the US States - No Outlines Minefield
2
Find the Countries of Europe - No Outlines Minefield
3
The Countries of the World
4
Find the US States
5
Popular People in 1961
6
US States
7
Risky Map Clicking: Biggest States A-Z
8
Movies - When Are They Set?
More Music Quizzes
David Bowie Through the Years
Published
Trending Quizzes
Risky Map Clicking: Least Populous States A-Z
1-10 Letter G Words
1-10 Letter F Words
Risky Map Clicking: Next State Alphabetically
Risky Map Clicking: Biggest States A-Z
Recently Updated
Leaping Animals
pecheneg
Reality TV Shows (A-Z)
bhenderson79
Rickey Henderson's Hall of Fame Teammates
pecheneg
Champions League XIs: Arsenal
pecheneg
Quick Pick: Celebrities in WWE's Hall of Fame
aduchscher
A-Z Keypad Blitz II
pecheneg
Multiple Oscar Actors
pecheneg
Mystery Phrase Blitz: Oscar 'Best Actors'
pecheneg
F. Scott Fitzgerald Novels
LTH
Pick 3 Villains
ddd62291
Trending Topics
Marvel
Kpop
Harry Potter
NBA
Disney
Anime
Crossword
NFL
Soccer
Song
Pokémon
Country
WWE
The Office
Puzzle
Your Account Isn't Verified!
In order to create a playlist on Sporcle, you need to verify the email address you used during registration. Go to your
Sporcle Settings
to finish the process.
Report this User
Report this user for behavior that violates our
Community Guidelines
.
Details:
Send Report
Go to the Sporcle.com Mobile Site →
Comments